Маркетинговое исследование потребительского поведения на примере ЗАО "Эссен Продакшн АГ"; Импульс-2013

Бібліографічні деталі
Parent link:Импульс-2013.— 2013.— [С. 207-208]
Автор: Смольникова М. А.
Співавтор: Национальный исследовательский Томский политехнический университет (ТПУ) Институт социально-гуманитарных технологий (ИСГТ) Кафедра менеджмента (МЕН)
Інші автори: Долгих Ю. И. Юлия Игоревна (научный руководитель)
Резюме:Заглавие с титульного экрана
Мова:Російська
Опубліковано: 2013
Серія:Реклама и маркетинг
Предмети:
Онлайн доступ:http://www.lib.tpu.ru/fulltext/c/2013/C25/089.pdf
Формат: Електронний ресурс Частина з книги
KOHA link:https://koha.lib.tpu.ru/cgi-bin/koha/opac-detail.pl?biblionumber=604361

MARC

LEADER 00000naa2a2200000 4500
001 604361
005 20260206132921.0
035 |a (RuTPU)RU\TPU\conf\1633 
035 |a RU\TPU\conf\1630 
090 |a 604361 
100 |a 20140228d2013 k y0rusy50 ca 
101 0 |a rus 
102 |a RU 
135 |a drnn ---uucaa 
181 0 |a i  
182 0 |a b 
200 1 |a Маркетинговое исследование потребительского поведения на примере ЗАО "Эссен Продакшн АГ"  |f М. А. Смольникова  |g науч. рук. Ю. И. Долгих 
203 |a Текст  |c электронный 
225 1 |a Реклама и маркетинг 
300 |a Заглавие с титульного экрана 
337 |a Adobe Reader 
463 1 |0 (RuTPU)RU\TPU\conf\506  |t Импульс-2013  |o труды X Международной научно-практической конференции студентов, молодых ученых и предпринимателей в сфере экономики, менеджмента и инноваций, 27-29 ноября 2013 г., г. Томск  |f Национальный исследовательский Томский политехнический университет (ТПУ) ; под ред. С. Л. Ереминой и др.  |v [С. 207-208]  |d 2013 
601 0 2 |a Эссен Продакшн АГ 
610 1 |a труды учёных ТПУ 
610 1 |a электронный ресурс 
610 1 |a маркетинговые исследования 
610 1 |a потребительское поведение 
610 1 |a производство 
610 1 |a торговля 
610 1 |a питание 
610 1 |a продукты 
700 1 |a Смольникова  |b М. А. 
702 1 |a Долгих  |b Ю. И.  |c экономист  |c ассистент кафедры Томского политехнического университета  |g Юлия Игоревна  |4 727 
712 0 2 |a Национальный исследовательский Томский политехнический университет (ТПУ)  |b Институт социально-гуманитарных технологий (ИСГТ)  |b Кафедра менеджмента (МЕН)  |3 (RuTPU)RU\TPU\col\18855 
801 2 |a RU  |b 63413507  |c 20160408  |g RCR 
856 4 |u http://www.lib.tpu.ru/fulltext/c/2013/C25/089.pdf 
942 |c CF